<?xml version="1.0" encoding="UTF-8"?>
<record
    xmlns:xsi="http://www.w3.org/2001/XMLSchema-instance"
    xsi:schemaLocation="http://www.loc.gov/MARC21/slim http://www.loc.gov/standards/marcxml/schema/MARC21slim.xsd"
    xmlns="http://www.loc.gov/MARC21/slim">

  <leader>01419nab a2200253   4500</leader>
  <controlfield tag="003">AR-RoBPED</controlfield>
  <controlfield tag="005">20260317122654.0</controlfield>
  <controlfield tag="008">260317b        |||||||| |||| 00| 0 spa d</controlfield>
  <datafield tag="040" ind1=" " ind2=" ">
    <subfield code="a">AR-RoBPED</subfield>
  </datafield>
  <datafield tag="041" ind1=" " ind2=" ">
    <subfield code="a">spa</subfield>
  </datafield>
  <datafield tag="100" ind1="1" ind2=" ">
    <subfield code="a">Brinnitzer, Evelina</subfield>
    <subfield code="9">22244</subfield>
    <subfield code="e">Profesora de Educaci&#xF3;n F&#xED;sica. Licenciada en Tiempo Libre y Recreaci&#xF3;n</subfield>
  </datafield>
  <datafield tag="245" ind1="1" ind2="4">
    <subfield code="a">Los juegos en las secuencias de ense&#xF1;anza /</subfield>
  </datafield>
  <datafield tag="260" ind1=" " ind2=" ">
    <subfield code="a">Buenos Aires :</subfield>
    <subfield code="b">Noveduc,</subfield>
    <subfield code="c">2025</subfield>
  </datafield>
  <datafield tag="300" ind1=" " ind2=" ">
    <subfield code="a">2-7 p.</subfield>
  </datafield>
  <datafield tag="500" ind1=" " ind2=" ">
    <subfield code="a">Dise&#xF1;ar una secuencia did&#xE1;ctica implica integrar en un recorrido varias clases. Decidir qu&#xE9; actividades se desarrollar&#xE1;n en esas clases y en qu&#xE9; orden, implica considerar los conceptos involucrados en el tema a ense&#xF1;ar y los conocimientos previos necesarios para aprenderlo. Con base en estas premisas, las autores ofrecen a modo de ejemplo, una secuencia para el &#xE1;rea de Ciencias Naturales que incluye una propuesta l&#xFA;dica articulada con otras actividades. </subfield>
  </datafield>
  <datafield tag="650" ind1=" " ind2="7">
    <subfield code="a">JUEGOS</subfield>
    <subfield code="9">19373</subfield>
  </datafield>
  <datafield tag="650" ind1=" " ind2="7">
    <subfield code="a">ACTIVIDADES DIDACTICAS</subfield>
    <subfield code="9">18754</subfield>
  </datafield>
  <datafield tag="650" ind1=" " ind2="7">
    <subfield code="a">DIDACTICA</subfield>
    <subfield code="9">167</subfield>
  </datafield>
  <datafield tag="650" ind1=" " ind2="7">
    <subfield code="a">ENSE&#xD1;ANZA</subfield>
    <subfield code="9">342</subfield>
  </datafield>
  <datafield tag="700" ind1=" " ind2=" ">
    <subfield code="a">Fern&#xE1;ndez Panizza, Gabriela</subfield>
    <subfield code="9">21546</subfield>
    <subfield code="e">Profesor de Ense&#xF1;anza Primaria y especialista en Inteligencias M&#xFA;ltiples</subfield>
  </datafield>
  <datafield tag="773" ind1="0" ind2=" ">
    <subfield code="0">20414</subfield>
    <subfield code="9">41863</subfield>
    <subfield code="d">Buenos Aires :  Noveduc,  1993-</subfield>
    <subfield code="t">Novedades Educativas</subfield>
    <subfield code="w">(AR-RoBPED)20414</subfield>
    <subfield code="x">03283534</subfield>
  </datafield>
  <datafield tag="942" ind1=" " ind2=" ">
    <subfield code="2">udc</subfield>
    <subfield code="c">REV</subfield>
    <subfield code="h">37(05)</subfield>
    <subfield code="m">Nov 86 N&#xB0; 403 (Ago.2025)</subfield>
    <subfield code="a">k.32434</subfield>
  </datafield>
  <datafield tag="945" ind1=" " ind2=" ">
    <subfield code="a">mar 03/2026</subfield>
  </datafield>
  <datafield tag="999" ind1=" " ind2=" ">
    <subfield code="c">32434</subfield>
    <subfield code="d">32434</subfield>
  </datafield>
</record>
